000 00211nam a2200109Ia 4500
100 _a#N/A
942 _cBK
245 _aMicroprocessors and microcontrollers
260 _b#N/A
546 _aENGLISH
999 _c27056
_d27056